Normal view
MARC view
- Birds-Everything You Need To Know
Entry Topical Term
001 - CONTROL NUMBER
- control field: 96554
003 - CONTROL NUMBER IDENTIFIER
- control field: NUST
005 - DATE AND TIME OF LATEST TRANSACTION
- control field: 20220805150101.0
008 - FIXED-LENGTH DATA ELEMENTS
- fixed length control field: 220805|| aca||aabn | a|a d
040 ## - CATALOGING SOURCE
- Original cataloging agency: NUST
- Transcribing agency: NUST
150 ## - HEADING--TOPICAL TERM
- Topical term or geographic name entry element: Birds-Everything You Need To Know
670 ## - SOURCE DATA FOUND
- Source citation: Work cat.: (NUST)586441: Nandi, Ishani 82272, Everything You Need To Know About Birds, 2016.
